WWE Royal Rumble - Qui a éliminé Chris Jericho ? - Statistiques

Statistiques générales
  • Ce quiz a été pris 160 fois
  • Le résultat moyen est 6 sur 10
Statistiques - réponses
Rumble Éliminé par % Correct
2010 Edge
88%
2009 Undertaker
86%
2017 Roman Reigns
82%
2012 Sheamus
81%
2005 Batista
79%
2004 Big Show
79%
2016 Dean Ambrose
62%
2013 Dolph Ziggler
50%
2000 Chyna
16%
2003 Test
12%
Aucun quiz correspondant
Distribution des résultats
% des personnes avec chaque résultat
Percentile par nombre de réponses
Votre historique - résultats
Vous n’avez pas pris ce quiz